| 000 | 00334nam a22001337a 4500 | ||
|---|---|---|---|
| 020 | _a9780689868443 | ||
| 040 | _cNUST | ||
| 082 | _a823-CH KEE | ||
| 100 |
_aKeene, Carolyn _9110166 |
||
| 245 | _a The Scarlet Macaw Scandal No 8 | ||
| 260 |
_aNew York: _bAladdin Paperbacks, _c2004. |
||
| 650 | _aEnglish Fiction | ||
| 942 |
_2ddc _cBK |
||
| 999 |
_c593635 _d593635 |
||